000 00779cam a22002653a 4500
001 1221
003 PGUSA
005 20140828082958.0
008 980201s1998||||xxu|||||s|||||000 | eng d
040 _aPGUSA
_beng
042 _adc
050 4 _aQK
100 1 _aCoulter, John Merle,
_d1851-1928
245 1 2 _aA Preliminary Revision of the North American Species of Cactus, Anhalonium, and Lophophora
_h[electronic resource] /
_cJohn Merle Coulter
260 _bProject Gutenberg,
_c1998
506 _aPublic domain in the USA.
516 _aElectronic text
653 _aPlants -- North America
653 _aAriocarpus
653 _aCactus
653 _aPeyote
830 0 _aProject Gutenberg
_v1221
856 4 0 _uhttp://www.gutenberg.org/ebooks/1221
942 _cEB
999 _c230569
_d230569